Normal view
MARC view
- Kukreja, C.B.
Entry Personal Name
001 - CONTROL NUMBER
- control field: 25447
003 - CONTROL NUMBER IDENTIFIER
- control field: NUST
005 - DATE AND TIME OF LATEST TRANSACTION
- control field: 20191108182318.0
008 - FIXED-LENGTH DATA ELEMENTS
- fixed length control field: 191108|| aca||aabn | a|a d
040 ## - CATALOGING SOURCE
- Original cataloging agency: NUST
- Transcribing agency: NUST
100 ## - HEADING--PERSONAL NAME
- Personal name: Kukreja, C.B.
670 ## - SOURCE DATA FOUND
- Source citation: Work cat.: (NUST): Kukreja, C.B., Material Testing Laboratory Manual For Quality Control /, 2010.
